Pays aléatoires par armoiries et emblèmes - Statistiques

Statistiques générales
  • Ce quiz a été pris 257 fois
  • Le résultat moyen est 14 sur 20
Statistiques - réponses
Par images Réponse % Correct
Andorre
100%
Angola
100%
Argentine
100%
Australie
100%
Autriche
100%
Belgique
100%
Birmanie
100%
Bulgarie
100%
Burkina Faso
100%
Cameroun
100%
Chine
100%
Corée du Sud
100%
Croatie
100%
Égypte
100%
Équateur
100%
Érythrée
100%
Espagne
100%
Éthiopie
100%
Irak
100%
Islande
100%
Israël
100%
Kazakhstan
100%
Liban
100%
Liberia
100%
Madagascar
100%
Mali
100%
Malte
100%
Mauritanie
100%
Mexique
100%
Mozambique
100%
Népal
100%
Nicaragua
100%
Niger
100%
Ouzbékistan
100%
Palaos
100%
Paraguay
100%
République Centrafricaine
100%
République Dominicaine
100%
Rwanda
100%
Saint-Marin
100%
Salvador
100%
Samoa
100%
Serbie
100%
Singapour
100%
Slovaquie
100%
Somalie
100%
Sri Lanka
100%
Syrie
100%
Turquie
100%
Ukraine
100%
Viêt Nam
100%
Yémen
100%
Hongrie
92%
Suisse
92%
Biélorussie
91%
Costa Rica
91%
Haïti
91%
Inde
89%
Jordanie
89%
Tuvalu
89%
Bolivie
88%
Bosnie-Herzégovine
88%
Chili
88%
Émirats Arabes Unis
88%
Iran
88%
Moldavie
88%
France
86%
Pologne
86%
Turkménistan
86%
Portugal
85%
Albanie
83%
Allemagne
83%
Colombie
83%
Comores
83%
Italie
83%
Kenya
83%
Koweït
83%
Maldives
83%
Tanzanie
83%
Brésil
82%
Nouvelle-Zélande
82%
Bahreïn
80%
Laos
80%
Monaco
80%
Nauru
80%
Philippines
80%
Soudan du Sud
80%
Timor Oriental
80%
Uruguay
80%
Corée du Nord
78%
Îles Marshall
77%
Vatican
77%
Cap-Vert
75%
États Fédérés de Micronésie
75%
Guinée
75%
Kiribati
75%
République Tchèque
75%
Sao Tomé-et-Principe
75%
Tonga
75%
Zambie
75%
Bhoutan
72%
Côte d'Ivoire
71%
Honduras
71%
Irlande
71%
Japon
71%
Mongolie
71%
Slovénie
71%
Pakistan
70%
République Démocratique du Congo
70%
Arabie Saoudite
69%
Algérie
67%
Dominique
67%
Grèce
67%
Luxembourg
67%
Monténégro
67%
Namibie
67%
Panama
67%
Papouasie-Nouvelle-Guinée
67%
République Démocratique du Congo
67%
Royaume-Uni
67%
Palestine
64%
Oman
63%
Qatar
63%
Russie
63%
Togo
63%
Venezuela
63%
Belize
60%
Brunei
60%
Lesotho
60%
Maroc
60%
Tadjikistan
60%
Pérou
57%
Kirghizistan
56%
Azerbaïdjan
54%
Afghanistan
50%
Bahamas
50%
Cambodge
50%
Malaisie
50%
Pays-Bas
50%
Sénégal
50%
Thaïlande
50%
Bangladesh
46%
Zimbabwe
46%
Fidji
44%
Gabon
44%
Canada
43%
Indonésie
43%
Botswana
40%
Eswatini
40%
Guyana
40%
Libye
40%
Suriname
40%
Tunisie
40%
Estonie
38%
Finlande
38%
Guinée Équatoriale
38%
Lituanie
38%
Roumanie
36%
Géorgie
33%
Guinée-Bissau
33%
Lettonie
33%
Saint-Christophe- et-Niévès
33%
Seychelles
33%
Trinité-et-Tobago
33%
Vanuatu
33%
Soudan
30%
Ouganda
29%
Sainte-Lucie
29%
Bénin
27%
Guatemala
27%
Afrique du Sud
25%
Chypre
25%
États-Unis d'Amérique
25%
Tchad
25%
Antigua-et-Barbuda
22%
Barbade
22%
Cuba
20%
Danemark
20%
Ghana
20%
Macédoine du Nord
20%
Maurice
20%
Nigeria
20%
Norvège
18%
Djibouti
17%
Saint-Vincent-et-les-Grenadines
17%
Arménie
14%
Liechtenstein
11%
Gambie
10%
Grenade
8%
Îles Salomon
8%
Burundi
0%
Jamaïque
0%
Malawi
0%
Sierra Leone
0%
Suède
0%
Aucun quiz correspondant
Distribution des résultats
% des personnes avec chaque résultat
Percentile par nombre de réponses
Votre historique - résultats
Vous n’avez pas pris ce quiz